Cyclisme : les secteurs du Paris-Roubaix 2024 - Statistiques

Statistiques générales
  • Ce quiz a été pris 87 fois
  • Le résultat moyen est 10 sur 30
Statistiques - réponses
N°s des secteurs Nombres d'étoiles (difficulté) Longueurs Noms % Correct
4 ***** 2 100 m Carrefour de l'Arbre - Pavé de Luchin
98%
19 ***** 2 300 m Tranchée d'Arenberg - Drève des Boules d'Hérin
94%
11 ***** 3 000 m Mons-en-Pévèle - Pavé du Blocus
69%
1 * 300 m Roubaix - Espace Crupelandt
55%
5 **** 1 800 m Camphin-en-Pévèle - Pavé de la Justice
54%
12 **** 2 700 m Auchy-lez-Orchies > Bersée
53%
14 *** 1 400 m Beuvry-la-Forêt > Orchies
48%
3 ** 1 100 m Gruson - Pavé de l'Arbre
44%
20 **** 2 500 m Haveluy > Wallers - Pavé Bernard Hinault
41%
13 *** 1 700 m Orchies / Chemin des Prières - Chemins des Abattoirs
41%
18 *** 1 600 m Wallers > Hélesmes - "Pont Gibus"
36%
2 ** 1 400 m Willems > Hem
35%
8 ** 500 m Templeuve - Moulin-de-Vertain
30%
29 ** 2 200 m Troisvilles > Inchy - Pavé Jean Stablinski - Rue de la Sucrerie
29%
8 * 200 m Templeuve - L'Épinette
28%
27 **** 3 700 m Quiévy > Saint-Python
26%
28 *** 1 800 m Viesly > Quiévy
23%
7 *** 1 300 m Cysoing > Bourghelles - Pavé Gilbert Duclos-Lassalle
21%
17 **** 3 700 m Hornaing > Wandignies-Hamage - Pavé John Degenkolb
19%
22 *** 1 600 m Maing > Monchaux-sur-Écaillon
18%
23 *** 2 500 m Quérénaing > Maing
18%
26 ** 1 500 m Saint-Python
18%
6 *** 1 100 m Bourghelles > Wannehain - Secteur Frédéric Guesdon
16%
9 *** 1 400 m Pont-Thibaut > Ennevelin
16%
24 *** 1 600 m Verchain-Maugré > Quérénaing - Pavé Jean-Luc Derche
16%
15 **** 2 400 m Tilloy-lez-Marchiennes > Sars-et-Rosières
15%
16 *** 2 400 m Warlaing > Brillon
15%
10 ** 7 00 m Mérignies > Avelin - Pavé de la Rosée
14%
25 ** 800 m Haussy
11%
21 ** 1 700 m Haspres > Thiant
9%
Aucun quiz correspondant
Distribution des résultats
% des personnes avec chaque résultat
Percentile par nombre de réponses
Votre historique - résultats
Vous n’avez pas pris ce quiz